zpět

Detail výsledku týmu

Jak jinak pub, Třebíč

Datum a čas kvízu

38 Celkem bodů Celkový počet nahraných bodů na tomto kvízu bez doplňovacích otázek.
4. Pořadí na kvízu Konečné umístění týmu na tomto kvízu.

Zaznamenané odpovědi

# Otázka Odpověď Body Výsledky
1. Sociální sítě minulý týden obl... Frýdek-Mýstek 1
2. Donald Trump se kvůli obvinění... Georgia 1
3. O víkendu proběhl v areálu zná... Helfštýn, Hefaiston 0.5
4. Co nedávno nedokázalo Rusko –... Indie 1
5. V neděli skončilo atletické mi... smíšená štafeta (4 × 400 m), hod oštěpem 1
6. Jak se jmenoval vůdce chilské... Augusto Pinochet 1
7. V dubnu 1961 došlo za podpory... Zátoka sviní 1
8. Z obav před atentátem nechal g... Myanmar 0
9. Přiřaď diktátora k zemi, kde p... 1B 2A 3D 4C 0
10. Který herec hrál hlavní roli v... Sacha Baron Cohen 1